Statistics for E Answers Quiz #1

Click here to take the quiz!

General Stats

  • This quiz has been taken 108,044 times
    (23,910 since last reset)
  • The average score is 17 of 22

Answer Stats

ClueAnswer% Correct
Adam's wifeEve
99%
Famous Paris towerEiffel
97%
Green gemstoneEmerald
93%
Capital of ScotlandEdinburgh
88%
Disorder which causes seizuresEpilepsy
87%
Hemingway's first nameErnest
85%
Name of eight English KingsEdward
84%
Detroit rapperEminem
84%
Houston, Tranquility base here.
The ____ has landed.
Eagle
82%
A deadly sin that turns one green?Envy
79%
Became independent from Ethiopia in 1993Eritrea
78%
One of the Great LakesErie
77%
Scrooge's first nameEbenezer
76%
Funeral speechEulogy
75%
French word for waterEau
74%
Tree-dwelling "Star Wars" creatureEwok
73%
What black piano keys were made fromEbony
72%
National Park covering much of
southern Florida
Everglades
70%
Happens around March 20th and
September 23rd each year
Equinox
61%
_____ has left the buildingElvis
60%
Most famous boy's school in EnglandEton
60%
Able was I, ere I saw ____Elba
28%

Score Distribution

Percentile by Number Answered

Percent of People with Each Score

Your Score History

You have not taken this quiz since the last reset